| 000 | 00692nam a2200229 a 4500 | ||
|---|---|---|---|
| 999 |
_c6970 _d6970 |
||
| 001 | 804 | ||
| 003 | BD-DhUAP | ||
| 005 | 20210119101223.0 | ||
| 008 | 200119s1997 ii a 001 0 eng d | ||
| 020 | _a8176350869 | ||
| 040 |
_aBD-DhUAP _cBD-DhUAP _dBD-DhUAP _bEng |
||
| 082 | 0 | 0 |
_a005.133 MAX _223 |
| 245 |
_aMaximum Java 1.1 / _cGleen Vanderburg ... [et al.]. |
||
| 250 | _a1st ed. | ||
| 260 |
_aNew Delhi : _bTechmedia, _cc1997. |
||
| 300 |
_avarious pages : _billustrations ; _c25 cm. |
||
| 504 | _aIncludes bibliographical references and indexes. | ||
| 650 | _aJava (Computer program language). | ||
| 942 |
_2ddc _cBK |
||